Zmeny a doplnky účtovej osnovy pre nezárobkové organizácie a účtovej osnovy pre neziskové organizácie

Zmeny a doplnky účtovej osnovy a postupov účtovania pre politické strany a hnutia, občianske združenia a nezárobkové organizácie. Účtovanie opravných položiek. Účtovanie investičných dotácií poskytnutých zo štátneho rozpočtu, rozpočtu orgánu miestnej samosprávy, zo štátneho fondu, z Národného úradu...

Full description

Saved in:
Bibliographic Details
Main Author: Laszová, Viera
Format: Book Chapter
Language:Slovak
Subjects:
Tags: Add Tag
No Tags, Be the first to tag this record!

MARC

LEADER 00000naa a2200000 4500
001 r041104
005 20230926083636.1
041 0 |a slo 
044 |a SK 
245 1 0 |a Zmeny a doplnky účtovej osnovy pre nezárobkové organizácie a účtovej osnovy pre neziskové organizácie  |c Viera Laszová 
520 |a Zmeny a doplnky účtovej osnovy a postupov účtovania pre politické strany a hnutia, občianske združenia a nezárobkové organizácie. Účtovanie opravných položiek. Účtovanie investičných dotácií poskytnutých zo štátneho rozpočtu, rozpočtu orgánu miestnej samosprávy, zo štátneho fondu, z Národného úradu práce a zdravotných poisťovní. Schémy účtovania. 
610 2 0 |a osnova účtová 
610 2 0 |a organizácie neziskové 
610 2 0 |a strany politické 
610 2 0 |a združenia občianske 
610 2 0 |a položky opravné 
610 2 0 |a dotácie investičné 
610 2 0 |a účtovanie 
610 2 0 |a postupy účtovné 
100 1 |a Laszová, Viera